Assignments for vibrational spectra of seven hundred Benzene Derivatives, (Record no. 4687)

MARC details
000 -LEADER
fixed length control field 00605nam a2200205Ia 4500
003 - CONTROL NUMBER IDENTIFIER
control field IN-BaIIA
008 - FIXED-LENGTH DATA ELEMENTS--GENERAL INFORMATION
fixed length control field 211028s9999 xx 000 0 eng d
020 ## - INTERNATIONAL STANDARD BOOK NUMBER
International Standard Book Number 0-85274-284-3
040 ## - CATALOGING SOURCE
Transcribing agency IIA Library
080 ## - UNIVERSAL DECIMAL CLASSIFICATION NUMBER
Universal Decimal Classification number 535.33
Item number VAR-2
100 ## - MAIN ENTRY--PERSONAL NAME
Personal name Varsanyi, G
9 (RLIN) 8303
245 #0 - TITLE STATEMENT
Title Assignments for vibrational spectra of seven hundred Benzene Derivatives,
Remainder of title vol. 2
Statement of responsibility, etc. G. Varsanyi
260 ## - PUBLICATION, DISTRIBUTION, ETC.
Place of publication, distribution, etc. London
Name of publisher, distributor, etc. Adam Hilger
Date of publication, distribution, etc. 1974
300 ## - PHYSICAL DESCRIPTION
Extent 668p
650 ## - SUBJECT ADDED ENTRY--TOPICAL TERM
Topical term or geographic name entry element  Benzene Deriatives 
9 (RLIN) 8304
650 ## - SUBJECT ADDED ENTRY--TOPICAL TERM
Topical term or geographic name entry element  Spectroscopy 
9 (RLIN) 7837
650 ## - SUBJECT ADDED ENTRY--TOPICAL TERM
Topical term or geographic name entry element  Vibrational Spectra 
9 (RLIN) 8305
650 ## - SUBJECT ADDED ENTRY--TOPICAL TERM
Topical term or geographic name entry element NASA Thesaurus 
942 ## - ADDED ENTRY ELEMENTS (KOHA)
Koha item type Books
Holdings
Withdrawn status Lost status Damaged status Not for loan Home library Current library Shelving location Date acquired Total Checkouts Full call number Barcode Date last seen Price effective from Koha item type
        IIA Library-Bangalore IIA Library-Bangalore General Stacks 12/02/1975   535.33/ VAR-2 5233 05/11/2021 12/02/1975 Books

Powered by Koha